[Event "Ufa Winter Cup City"]
[Site "Ufa"]
[Date "2013.12.22"]
[Round "7.2"]
[White "Iskhakov, Artur"]
[Black "Tavragov, Rustem"]
[Result "0-1"]
[WhiteElo "1900"]
[BlackElo "1749"]
[PlyCount "41"]
[EventDate "2013.12.14"]
[EventType "tourn"]
[EventRounds "9"]
[EventCountry "RUS"]
[SourceTitle "EXT 2022"]
[Source "ChessBase"]
[SourceDate "2021.10.06"]
[SourceVersion "1"]
[SourceVersionDate "2021.10.06"]
[SourceQuality "1"]

1. e4 e5 2. f4 exf4 3. Nf3 g5 4. h4 g4 5. Ng5 d5 6. exd5 Qxd5 7. Qe2+ Be6 8. Nc3 Qf5 9. Qf2 Nc6 10. Bd3 Qe5+ 11. Be4 Bc5 12. Qf1 0-0-0 13. d3 f3 14. gxf3 Qg3+ 15. Kd1 Nf6 16. Nxe6 fxe6 17. Bg5 Rdf8 18. Rb1 Bb6 19. Ne2 Qd6 20. Bf4 e5 21. Bh6 0-1

[Event "Ufa Winter Cup City"]
[Site "Ufa"]
[Date "2013.12.15"]
[Round "2.2"]
[White "Mukhutdinov, Tigran"]
[Black "Iskhakov, Artur"]
[Result "0-1"]
[WhiteElo "1627"]
[BlackElo "1900"]
[PlyCount "62"]
[EventDate "2013.12.14"]
[EventType "tourn"]
[EventRounds "9"]
[EventCountry "RUS"]
[SourceTitle "EXT 2022"]
[Source "ChessBase"]
[SourceDate "2021.10.06"]
[SourceVersion "1"]
[SourceVersionDate "2021.10.06"]
[SourceQuality "1"]

1. e4 c5 2. Nf3 e6 3. d4 cxd4 4. Nxd4 Nf6 5. Nc3 d6 6. Be3 a6 7. f3 Qc7 8. Qd2 Nc6 9. 0-0-0 Be7 10. g4 Rb8 11. h4 b5 12. g5 Nd7 13. f4 Nc5 14. Nb3 b4 15. Ne2 Nxe4 16. Qd3 d5 17. Bg2 Nd6 18. Ned4 Na5 19. Nxa5 Qxa5 20. Kb1 Bd7 21. h5 Bb5 22. Nxb5 Nxb5 23. f5 Nc3+ 24. bxc3 bxc3+ 25. Ka1 Rb2 26. Bxd5 exd5 27. Qxd5 Qxd5 28. Rxd5 0-0 29. Rh2 Rfb8 30. Rd1 R8b5 31. a4 Ra5 0-1

[Event "Ufa Young Cup"]
[Site "Ufa"]
[Date "2012.10.12"]
[Round "8.4"]
[White "Iskhakov, Artur"]
[Black "Tavragov, Rustem"]
[Result "1-0"]
[WhiteElo "1900"]
[BlackElo "1749"]
[PlyCount "45"]
[EventDate "2012.10.09"]
[EventType "swiss"]
[EventRounds "9"]
[EventCountry "RUS"]
[SourceTitle "EXT 2022"]
[Source "ChessBase"]
[SourceDate "2021.10.06"]
[SourceVersion "1"]
[SourceVersionDate "2021.10.06"]
[SourceQuality "1"]

1. e4 e5 2. f4 exf4 3. Nf3 g5 4. Bc4 d6 5. h4 g4 6. Ng5 Nh6 7. d4 Qe7 8. Nc3 c6 9. Bxf4 Nd7 10. 0-0 Nf6 11. e5 dxe5 12. Bxe5 Bg7 13. Qd3 Be6 14. Rae1 0-0-0 15. Bxe6+ fxe6 16. Nxe6 Qxe6 17. Bxf6 Qd7 18. Re7 Qd6 19. Rxg7 Rde8 20. Be5 Qe6 21. Rf6 Qxf6 22. Bxf6 Rhf8 23. Be5 1-0

[Event "Ufa-ch sf3"]
[Site "Ufa"]
[Date "2012.09.22"]
[Round "7.9"]
[White "Svalyk, Gennadiy"]
[Black "Iskhakov, Artur"]
[Result "0-1"]
[WhiteElo "1652"]
[BlackElo "1915"]
[PlyCount "86"]
[EventDate "2012.09.16"]
[EventType "swiss"]
[EventRounds "9"]
[EventCountry "RUS"]
[SourceTitle "EXT 2022"]
[Source "ChessBase"]
[SourceDate "2021.10.06"]
[SourceVersion "1"]
[SourceVersionDate "2021.10.06"]
[SourceQuality "1"]

1. Nf3 Nf6 2. c4 c5 3. Nc3 Nc6 4. d4 cxd4 5. Nxd4 g6 6. g3 Bg7 7. Bg2 Qb6 8. Nxc6 bxc6 9. 0-0 0-0 10. Rb1 Qc5 11. Qd3 Ba6 12. b3 d5 13. Na4 Qd6 14. Qc2 e6 15. Bb2 Rac8 16. Rfd1 Qe7 17. e3 Rfd8 18. Be5 Nd7 19. Bxg7 Kxg7 20. c5 Rb8 21. e4 Bb5 22. b4 a5 23. a3 axb4 24. axb4 Ra8 25. Nc3 Bc4 26. exd5 exd5 27. Bf1 Ne5 28. Bxc4 Nxc4 29. Ra1 Rxa1 30. Rxa1 Rb8 31. Ne2 Qf6 32. Rd1 Rxb4 33. Nf4 Rb2 34. Qd3 Ne5 35. Qc3 Rxf2 36. Rc1 d4 37. Qb3 Rxf4 38. gxf4 Qxf4 39. Rf1 Qe3+ 40. Qxe3 dxe3 41. Kg2 e2 42. Re1 Nd3 43. Rxe2 Nf4+ 0-1

[Event "Ufa Gumerov Memorial op"]
[Site "Ufa"]
[Date "2012.08.04"]
[Round "4"]
[White "Iskhakov, Artur"]
[Black "Nasibullin, Iskander"]
[Result "1-0"]
[WhiteElo "1905"]
[BlackElo "1783"]
[PlyCount "113"]
[EventDate "2012.08.01"]
[EventType "swiss"]
[EventRounds "9"]
[EventCountry "RUS"]
[SourceTitle "EXT 2013"]
[Source "ChessBase"]
[SourceDate "2012.11.22"]
[SourceVersion "1"]
[SourceVersionDate "2012.11.22"]
[SourceQuality "1"]

1. e4 e6 2. d4 d5 3. e5 c5 4. c3 Qb6 5. Nf3 Bd7 6. a3 c4 7. g3 Nc6 8. Bh3 Na5 9. Nbd2 Ne7 10. 0-0 Nec6 11. Nh4 g6 12. Ng2 Bg7 13. Ne3 f6 14. exf6 Bxf6 15. Qf3 Qd8 16. b4 cxb3 17. Rb1 0-0 18. Qe2 Rc8 19. Nf3 e5 20. Bxd7 Qxd7 21. dxe5 Nxe5 22. Nxe5 Bxe5 23. Rd1 Bg7 24. Nxd5 Rfe8 25. Qd3 Qe6 26. Bg5 h6 27. Ne7+ Rxe7 28. Bxe7 Qxe7 29. Qd5+ Kh7 30. Qxa5 Bxc3 31. Qb5 b2 32. Rd7 Rc7 33. Rxe7+ Rxe7 34. Qc5 Bf6 35. Kg2 b6 36. Qd6 Kg7 37. Rxb2 Rf7 38. Rc2 Be7 39. Qd3 Bc5 40. Rxc5 bxc5 41. Qc3+ Kh7 42. Qxc5 Kg7 43. a4 Kh7 44. a5 Kg7 45. a6 Kh7 46. f4 Kg7 47. Kf3 Kh7 48. Ke4 Kg7 49. Qe5+ Kh7 50. Kd4 Kg8 51. Qe8+ Kg7 52. Ke5 h5 53. Ke6 Rf6+ 54. Ke7 Rxa6 55. Qf8+ Kh7 56. Kf7 Ra5 57. Qg7# 1-0

[Event "Sterlitamak Rochinskiy op"]
[Site "Sterlitamak"]
[Date "2012.06.28"]
[Round "7"]
[White "Sabiryanov, Ainur"]
[Black "Iskhakov, Artur"]
[Result "1/2-1/2"]
[WhiteElo "2091"]
[BlackElo "1887"]
[PlyCount "102"]
[EventDate "2012.06.22"]
[EventType "swiss"]
[EventRounds "9"]
[EventCountry "RUS"]
[SourceTitle "EXT 2013"]
[Source "ChessBase"]
[SourceDate "2012.11.22"]
[SourceVersion "1"]
[SourceVersionDate "2012.11.22"]
[SourceQuality "1"]

1. d4 Nf6 2. c4 g6 3. Nc3 d5 4. cxd5 Nxd5 5. e4 Nxc3 6. bxc3 Bg7 7. Bc4 c5 8. Ne2 0-0 9. 0-0 Nc6 10. Be3 Qc7 11. Rc1 Rd8 12. Qa4 Bd7 13. dxc5 Nd4 14. Qb4 Nc6 15. Qa3 Ne5 16. Qb3 b5 17. Bd5 Rab8 18. f4 Nc4 19. Bxc4 bxc4 20. Qa3 Bc6 21. e5 Bxe5 22. Bd4 Bxf4 23. Rxf4 e5 24. Rff1 exd4 25. cxd4 Qe7 26. Rf2 Rb7 27. Rcf1 Qe4 28. Qc3 Qd3 29. Rc1 Qxc3 30. Rxc3 Rb1+ 31. Rf1 Rb2 32. Re3 Rxa2 33. Rf6 Bd5 34. Nf4 Bb7 35. Rd6 Rc8 36. Re7 Rb8 37. h4 Bxg2 38. Nxg2 Rbb2 39. Ne1 c3 40. Rd8+ Kg7 41. Rdd7 Rf2 42. Re3 c2 43. Rc3 Rf4 44. Rxc2 Ra1 45. Re2 Rc1 46. Rxa7 Rxd4 47. Rc7 Rxh4 48. Kf2 Rhc4 49. Nd3 R1c3 50. Re3 h5 51. Rf3 Kh6 1/2-1/2

[Event "Ufa-ch U18"]
[Site "Ufa"]
[Date "2012.02.25"]
[Round "9"]
[White "Kuzmicheva, Darja"]
[Black "Iskhakov, Artur"]
[Result "0-1"]
[WhiteElo "1815"]
[BlackElo "1887"]
[PlyCount "74"]
[EventDate "2012.02.17"]
[EventType "tourn"]
[EventRounds "9"]
[EventCountry "RUS"]
[SourceTitle "EXT 2014"]
[Source "ChessBase"]
[SourceDate "2013.11.20"]
[SourceVersion "1"]
[SourceVersionDate "2013.11.20"]
[SourceQuality "1"]

1. e4 c6 2. d4 d5 3. e5 Bf5 4. Be2 e6 5. Nf3 Ne7 6. 0-0 h6 7. Nh4 Bh7 8. f4 c5 9. c3 Nec6 10. Nf3 Qb6 11. Kh1 cxd4 12. cxd4 Nb4 13. Na3 N8c6 14. Bb5 a6 15. Ba4 Be7 16. Nc2 Nxc2 17. Bxc2 Bxc2 18. Qxc2 Nxd4 19. Qf2 Bc5 20. Be3 Nb3 21. Bxc5 Nxc5 22. Rac1 Nd7 23. Qxb6 Nxb6 24. Rc7 Rb8 25. Nd4 Na8 26. Rc3 Kd7 27. Rfc1 Rhc8 28. g4 Rxc3 29. Rxc3 Nb6 30. b3 Rc8 31. Rxc8 Nxc8 32. Kg2 Ne7 33. f5 Nc6 34. Nxc6 Kxc6 35. Kf3 g6 36. fxe6 fxe6 37. Ke3 Kc5 0-1

[Event "Ufa-ch U18"]
[Site "Ufa"]
[Date "2012.02.23"]
[Round "7"]
[White "Timofeev, Sergey2"]
[Black "Iskhakov, Artur"]
[Result "0-1"]
[WhiteElo "1835"]
[BlackElo "1887"]
[PlyCount "76"]
[EventDate "2012.02.17"]
[EventType "tourn"]
[EventRounds "9"]
[EventCountry "RUS"]
[SourceTitle "EXT 2014"]
[Source "ChessBase"]
[SourceDate "2013.11.20"]
[SourceVersion "1"]
[SourceVersionDate "2013.11.20"]
[SourceQuality "1"]

1. e4 c6 2. d4 d5 3. Nc3 dxe4 4. Nxe4 Nf6 5. Nxf6+ gxf6 6. Bf4 Bf5 7. Nf3 e6 8. Bd3 Bxd3 9. Qxd3 Bd6 10. Bxd6 Qxd6 11. 0-0-0 Nd7 12. Rhe1 0-0-0 13. g3 Nf8 14. h4 h5 15. Qb3 Rg8 16. Nd2 f5 17. c3 Nd7 18. Nc4 Qc7 19. Qa3 Nb6 20. Nxb6+ axb6 21. Rd3 f4 22. Re5 fxg3 23. fxg3 Kb8 24. Ree3 Rg4 25. Kc2 Rdg8 26. Re5 c5 27. Rxh5 cxd4 28. Rg5 R4xg5 29. hxg5 e5 30. Kd1 Qc5 31. cxd4 exd4 32. Qa4 Rd8 33. Qb3 Qf5 34. Rf3 Qb1+ 35. Kd2 Re8 36. Qxf7 Qxb2+ 37. Kd1 Qe2+ 38. Kc1 Rc8+ 0-1

[Event "Ufa-ch U18"]
[Site "Ufa"]
[Date "2012.02.19"]
[Round "3"]
[White "Iskhakov, Artur"]
[Black "Abelguzin, Dinar"]
[Result "0-1"]
[WhiteElo "1887"]
[BlackElo "1921"]
[PlyCount "92"]
[EventDate "2012.02.17"]
[EventType "tourn"]
[EventRounds "9"]
[EventCountry "RUS"]
[SourceTitle "EXT 2014"]
[Source "ChessBase"]
[SourceDate "2013.11.20"]
[SourceVersion "1"]
[SourceVersionDate "2013.11.20"]
[SourceQuality "1"]

1. Nf3 Nf6 2. g3 g6 3. Bg2 Bg7 4. 0-0 0-0 5. c4 d6 6. Nc3 e5 7. d3 Nc6 8. Rb1 Nd7 9. b4 Re8 10. e3 f5 11. Qb3 Kh8 12. Bb2 Rf8 13. Nd5 Nf6 14. Nd2 Rb8 15. Qa4 a6 16. Nxf6 Bxf6 17. b5 axb5 18. cxb5 Ne7 19. f4 Be6 20. Nc4 Ra8 21. Qc2 Rxa2 22. fxe5 dxe5 23. Ra1 Rxa1 24. Rxa1 Nd5 25. Bxe5 Nxe3 26. Qc3 Nxg2 27. Bxf6+ Qxf6 28. Qxf6+ Rxf6 29. Kxg2 Bd5+ 30. Kg1 Re6 31. Ra8+ Kg7 32. Rc8 Re7 33. Kf2 Bxc4 34. dxc4 Kf6 35. c5 Ke5 36. b6 cxb6 37. cxb6 Kd6 38. Kf3 Kd7 39. Rc7+ Kd8 40. Rc5 h5 41. Kf4 Re6 42. Rb5 Kd7 43. h3 Kc6 44. Rb3 Kc5 45. g4 fxg4 46. hxg4 Rxb6 0-1

[Event "Ufa-ch FL"]
[Site "Ufa"]
[Date "2011.11.27"]
[Round "7.9"]
[White "Iskhakov, Artur"]
[Black "Mukhametdinov, Ilyas"]
[Result "1-0"]
[WhiteElo "1869"]
[BlackElo "1956"]
[PlyCount "103"]
[EventDate "2011.11.20"]
[EventType "swiss"]
[EventRounds "9"]
[EventCountry "RUS"]
[SourceTitle "EXT 2022"]
[Source "ChessBase"]
[SourceDate "2021.10.06"]
[SourceVersion "1"]
[SourceVersionDate "2021.10.06"]
[SourceQuality "1"]

1. e4 e5 2. f4 d6 3. Nf3 Nc6 4. Bb5 Bd7 5. d4 Nxd4 6. Bxd7+ Qxd7 7. Nxd4 exd4 8. Qxd4 Qb5 9. Nc3 Qa6 10. Be3 Ne7 11. 0-0-0 0-0-0 12. Kb1 Rd7 13. e5 Nf5 14. Qe4 Nxe3 15. Qxe3 Be7 16. e6 fxe6 17. Qxe6 c6 18. Ne4 Kc7 19. Qxd7+ Kxd7 20. Nc5+ Kc7 21. Nxa6+ bxa6 22. Rhe1 Bf6 23. Re6 Rb8 24. b3 d5 25. g4 h6 26. Rg1 Kd7 27. Re2 Bc3 28. Rg3 d4 29. f5 Rf8 30. Rg1 a5 31. Kc1 a4 32. Kd1 a5 33. Re6 axb3 34. axb3 c5 35. Ke2 a4 36. bxa4 Ra8 37. Rg6 Ke8 38. Rb1 Ra7 39. Rb5 c4 40. a5 Bxa5 41. Rc5 Kf7 42. Rxc4 Bc3 43. Rgc6 Re7+ 44. Re6 Ra7 45. h4 Ra5 46. Rc7+ Kf8 47. Ree7 d3+ 48. Kxd3 Bf6 49. Rf7+ Ke8 50. g5 hxg5 51. hxg5 Rd5+ 52. Kc4 1-0